| 000 | 00421cam a2200169ua 4500 | ||
|---|---|---|---|
| 020 | _c7.50 | ||
| 041 |
_aeng _h |
||
| 082 |
_a539.72 112 _bAND/DI |
||
| 100 | _aAnderson, David L . | ||
| 245 |
_aDiscovery of the electron / _cDavid L Anderson. _hTextual Documents |
||
| 260 |
_aToronto : _bD Van nostrand co , _c1966. |
||
| 300 | _a138 ; . | ||
| 365 | _a7.50 | ||
| 504 | _a | ||
| 942 | _cBK | ||
| 999 |
_c7193 _d7193 |
||